les 10 génocides les plus meurtriers - Statistiques

Statistiques générales
  • Ce quiz a été pris 377 fois
  • Le résultat moyen est 2 sur 10
Statistiques - réponses
Hint Réponse % Correct
6 millions de morts l'holocauste
93%
1.5 millions de morts génocide arménien
33%
800 000 morts génocide rwandais
15%
3.5 millions de morts holodomor
15%
entre 10 et 40 millions de morts génocide des chinois par les mongoles
7%
jusqu'à 100 millions de morts le génocide amérindiens
7%
1.7 millions de morts génocide cambodgien
4%
100 000 morts génocide bosniaque
3%
75 000 morts génocide des hereros et namas
1%
entre 50 000 et 100 000 morts génocide des kurdes en irak
1%
Aucun quiz correspondant
Distribution des résultats
% des personnes avec chaque résultat
Percentile par nombre de réponses
Votre historique - résultats
Vous n’avez pas pris ce quiz